Countries Farthest Away from the Equator by letter - Statistics

General Stats
  • This quiz has been taken 63 times
  • The average score is 21 of 24
Answer Stats
Hint Answer % Correct
I Iceland
97%
N Norway
97%
D Denmark
95%
E Estonia
95%
F Finland
95%
L Latvia
95%
S Sweden
95%
Y Yemen
93%
Z Zimbabwe
93%
H Hungary
92%
U United Kingdom
92%
G Germany
88%
Q Qatar
88%
B Belarus
85%
J Jordan
85%
O Oman
85%
P Poland
85%
V Vatican City
83%
R Romania
80%
A Austria
75%
C Czech Republic
75%
K Kosovo
71%
T Tajikistan
69%
M Moldova
59%
No matching quizzes found
Score Distribution
Percent of People with Each Score
Percentile by Number Answered
Your Score History
You have not taken this quiz